[Event "Montreal Quebec U1900 op"]
[Site "Montreal"]
[Date "1990.08.05"]
[Round "2"]
[White "Bultez, Guy"]
[Black "Charest, Johanne"]
[Result "1-0"]
[WhiteElo "1710"]
[BlackElo "1622"]
[PlyCount "59"]
[EventDate "1990.08.04"]
[EventType "swiss"]
[EventRounds "8"]
[EventCountry "CAN"]
[SourceTitle "EXT 2022"]
[Source "ChessBase"]
[SourceDate "2021.10.06"]
[SourceVersion "1"]
[SourceVersionDate "2021.10.06"]
[SourceQuality "1"]

1. d4 d5 2. Nf3 Nf6 3. Bf4 c6 4. h3 e6 5. Nbd2 Bb4 6. c3 Bd6 7. Be5 Qe7 8. e3 Nbd7 9. Bd3 b6 10. a4 Bb7 11. a5 c5 12. axb6 axb6 13. Rxa8+ Bxa8 14. Bb5 0-0 15. Qa4 c4 16. 0-0 Rc8 17. Ra1 h6 18. e4 dxe4 19. Bxd6 Qxd6 20. Nxc4 Qd5 21. Bxd7 Nxd7 22. Nfe5 Nxe5 23. Nxb6 Nf3+ 24. Kh1 Qd6 25. gxf3 e3 26. Nxc8 Bxf3+ 27. Kg1 Qf4 28. Qd7 f6 29. Qxe6+ Kh7 30. Qxe3 1-0